000 00853cam a2200277 4500
001 ABS61913
008 000000n2000 000 0 eng u
035 _a(Sirsi) u104472
245 _aFocus 2000: Wales
260 _c2000
490 _aEstates Gazette
_v0008 26 February 2000 81-141(20)
590 _aABS
650 _aCARDIFF
650 _aCARDIFF BAY DEVELOPMENT CORPORATION
650 _aSOUTH WALES
650 _aNORTH WALES
650 _aBRUNSWICK HOLDINGS
650 _aWELSH DEVELOPMENT AGENCY
650 _aCALL CENTRES
650 _aPROPERTY-COMMERCIAL PROPERTY-RETAIL PROPERTY-RETAIL PROPERTY MARKET
650 _aINDUSTRIAL MARKET
650 _aPROPERTY-COMMERCIAL PROPERTY-OFFICE PROPERTY-OFFICE PROPERTY MARKET
650 _aWALES
690 _aPROPERTY-COMMERCIAL PROPERTY-COMMERCIAL PROPERTY MARKET
942 _n0
999 _c62676
_d62676